10x10 Multiplication Table - Statistics

General Stats
  • This quiz has been taken 100 times
  • The average score is 99 of 100
Answer Stats
Expression Answer % Correct
1x1 1
100%
10x1 | 1x10 | 2x5 | 5x2 10
100%
2x6 | 3x4 | 4x3 | 6x2 12
100%
2x7 | 7x2 14
100%
3x5 | 5x3 15
100%
2x8 | 4x4 | 8x2 16
100%
2x9 | 3x6 | 6x3 | 9x2 18
100%
1x2 | 2x1 2
100%
10x2 | 2x10 | 4x5 | 5x4 20
100%
3x9 | 9x3 27
100%
1x3 | 3x1 3
100%
10x3 | 3x10 | 5x6 | 6x5 30
100%
1x4 | 2x2 | 4x1 4
100%
10x4 | 4x10 | 5x8 | 8x5 40
100%
1x5 | 5x1 5
100%
10x5 | 5x10 50
100%
1x6 | 2x3 | 3x2 | 6x1 6
100%
1x7 | 7x1 7
100%
1x8 | 2x4 | 4x2 | 8x1 8
100%
1x9 | 3x3 | 9x1 9
100%
10x10 100
99%
3x8 | 4x6 | 6x4 | 8x3 24
99%
4x9 | 6x6 | 9x4 36
99%
10x6 | 6x10 60
99%
7x9 | 9x7 63
99%
10x7 | 7x10 70
99%
10x8 | 8x10 80
99%
9x9 81
99%
10x9 | 9x10 90
99%
3x7 | 7x3 21
97%
5x5 25
97%
5x9 | 9x5 45
97%
8x9 | 9x8 72
97%
4x7 | 7x4 28
96%
4x8 | 8x4 32
96%
5x7 | 7x5 35
96%
6x8 | 8x6 48
96%
6x9 | 9x6 54
96%
7x8 | 8x7 56
95%
6x7 | 7x6 42
94%
7x7 49
94%
8x8 64
94%
No matching quizzes found
Score Distribution
Percent of People with Each Score
Percentile by Number Answered
Your Score History
You have not taken this quiz